Statistics for Members & Ex-Members of "Supercharged"

Click here to take the quiz!

General Stats

  • This quiz has been taken 5 times
  • The average score is 18 of 29

Answer Stats

Hint Answer % Correct
Owner / Moderator / Verifier / BuilderWeenside
100%
BuilderIsane
100%
Buildersamuraychik
100%
Moderator / Verifier / BuilderMajax
100%
Builderreverie
75%
BuilderArquas
75%
BuilderArtos
75%
BuilderPurple Popcorn
75%
BuilderRedAlpha
75%
BuilderTuMiTu
75%
VerifierTricks33
75%
VerifierDellinger
75%
Moderator / Builderalkali
75%
Moderator / BuilderTinfey
75%
Moderator / VerifierDavphla
75%
BuilderLasaga
50%
Ex-Builderarcania
50%
Verifierkaiden phoenix
50%
Moderator / Ex-BuilderKyamiii
50%
BuilderZikNeko
50%
Moderator / Ex-BuilderVictosh
50%
VerifierMrDoli
50%
BuilderStreetbugs
50%
Ex-BuilderAlkatreize
50%
Ex-Builderfruitsalad
25%
VerifierAria
25%
Ex-BuilderKneenon
25%
Ex-BuilderSezzy
0%
Ex-BuilderEllisha
0%

Score Distribution

Percentile by Number Answered

Percent of People with Each Score

Your Score History

You have not taken this quiz